Statistics for Every Petula Clark song that hit the Billboard hot 100

Click here to take the quiz!

General Stats

  • This quiz has been taken 11 times
  • The average score is 5 of 22

Answer Stats

Peak Chart PositionYearSong% Correct
11965Downtown
100%
31965I Know A Place
78%
51967Don't Sleep In The Subway
67%
31967This Is My Song
44%
11966My Love
33%
161967Color My World
33%
591968American Boys
22%
371968Don't Give Up
22%
311967The Other Man's Grass Is Always Greener
22%
221965You'd Better Come Home
22%
211965Round Every Corner
22%
151968Kiss Me Goodbye
22%
91966I Couldn't Live Without Your Love
22%
211966Who Am I
11%
261967The Cat In The Window (The Bird In The Sky)
0%
111966A Sign Of The Times
0%
611972Wedding Song (There Is Love)
0%
621969Happy Heart
0%
661982Natural Love
0%
701972My Guy
0%
891969Look At Mine
0%
931969No One Better Than You
0%

Score Distribution

Percentile by Number Answered

Percent of People with Each Score

Your Score History

You have not taken this quiz